Geography Quiz

Random Geography or State Quiz

States by Rivers Quiz Stats

 Plays Quiz Updated Oct 10, 2012

Also try: River Countries
Challenge
Share
Tweet
Embed
Score 0/25 Timer 06:00
0 Plays Today
Rivers State % Correct
Pecos, Rio Grande, TrinityTexas
80.5%
Cedar, Des Moines, West NishnabotnaIowa
80.5%
Trinity, Sacramento, RussianCalifornia
77.9%
Zuni, Pecos, Rio GrandeNew Mexico
77.8%
Wailuku, Waimea, HanaleiHawaii
76%
Skagit, Columbia, SpokaneWashington
74.3%
Blackstone, Pawtuxet, ProvidenceRhode Island
72.2%
Connecticut, Charles, ConcordMassachusetts
62.5%
Grand, Big Sioux, Keya PahaSouth Dakota
55%
Great Miami, Olentangy, CuyahogaOhio
51.6%
John Day, Rogue, ColumbiaOregon
43.4%
Penobscot, Kennebec, St. CroixMaine
41.7%
Platte, Big Blue, Middle LoupNebraska
38.3%
Rivers State % Correct
Pee Dee, Deep, Cape FearNorth Carolina
38%
Big Sandy, Little Colorado, HassayampaArizona
36.8%
Tennessee, Conecuh, PeaAlabama
33.9%
Des Plaines, Kaskaskia, VermillionIllinois
32.4%
Caloosahatchee, Apalachicola, St. JohnsFlorida
29.8%
Naugatuck, Quinebaug, SkungamaugConnecticut
27.1%
Chippewa, Crow Wing, St. LouisMinnesota
24%
Kickapoo, Wolf, FlambeauWisconsin
21.5%
Androscoggin, Contoocook, BearcampNew Hampshire
16.9%
Meramec, Osage, SaltMissouri
14.7%
Licking, Salt, GreenKentucky
12.1%
Missisquoi, Winooski, OtterVermont
12%

You're not logged in!

Compare scores with friends on all Sporcle quizzes.
Join for Free
OR
Log In

You Might Also Like...

Show Comments

Extras

Top Quizzes Today


Score Distribution

Your Account Isn't Verified!

In order to create a playlist on Sporcle, you need to verify the email address you used during registration. Go to your Sporcle Settings to finish the process.

Report this User

Report this user for behavior that violates our Community Guidelines.

Details: